00797pam a2200241 a 45000010008000000030008000080050017000160080041000330100017000740200015000910400027001060430012001330500026001450820019001711000023001902450121002132600061003343000036003955000020004315040030004516000051004816500023005323824400BD-DhUL20170419150614.0860807s1987 laua b s001 0 eng  a 86020040  a0807113026 aDLCcDLCdDLCdBD-DhUL an-us---00aE185.6.M953bS68 198700a305.8219bSOU1 aSouthern, David W.10aGunnar Myrdal and Black-white relations :bthe use and abuse of An American dilemma, 1944-1969 /cDavid W. Southern. aBaton Rouge :bLouisiana State University Press,cc1987. axviii, 341 p. :bill. ;c24 cm. aIncludes index. aBibliography: p. 311-330.10aMyrdal, Gunnar,d1898-1987.tAmerican dilemma. 0aAfrican Americans.